[Event "Rio Verde Goiano op"]
[Site "Rio Verde"]
[Date "2023.12.01"]
[Round "1"]
[White "Colivet Gamboa, Julio Cesar"]
[Black "Vieira, Ruiago"]
[Result "1-0"]
[WhiteElo "1912"]
[BlackElo "1812"]
[PlyCount "75"]
[EventDate "2023.12.01"]
[EventType "swiss"]
[EventRounds "6"]
[EventCountry "BRA"]
[SourceTitle "CB50_2023"]
[SourceDate "2023.12.13"]
[SourceVersion "1"]
[SourceVersionDate "2023.12.13"]
[SourceQuality "1"]

1. c4 Nf6 2. Nc3 e6 3. e4 d6 4. g3 Be7 5. Bg2 0-0 6. d4 c5 7. Nge2 Qc7 8. b3 a6 9. 0-0 Nc6 10. h3 Rb8 11. a4 Bd7 12. Be3 Nb4 13. e5 Ne8 14. exd6 Bxd6 15. dxc5 Be7 16. Bf4 e5 17. Be3 Nf6 18. Nd5 Nfxd5 19. cxd5 Bxc5 20. Rc1 b6 21. d6 Qa7 22. a5 Rfd8 23. axb6 Bxb6 24. Rc7 Bxe3 25. Rxa7 Bxa7 26. Nc3 Be6 27. Ne4 Nc6 28. Ng5 Bxb3 29. Qd3 g6 30. Bxc6 Bd4 31. Rb1 Rxd6 32. Rxb3 Rc8 33. Qf3 Rc7 34. Bd5 Rdd7 35. Qf6 Ba7 36. Ne6 fxe6 37. Bxe6+ Rf7 38. Rf3 1-0